000 00395cam a22001337a 4500
008 180718b1978 xxu||||| |||| 00| 0 eng d
082 _aK L515
100 _aLee, Sang M.
245 _aPersonnel management: a computer-based system
_cby Sang M. Lee and Cary D. Thorp
260 _aNew York
_bPetrocell Books
_c1978
300 _a243p.
650 _aPersonnel management
700 _aThorp, Cary D.
999 _c347607
_d347607